[Event "GER-ch Youth U12 2020"]
[Site "Willingen"]
[Date "2020.10.29"]
[Round "4.24"]
[White "Leubner, Paul Damdin"]
[Black "Schröder, Jan-Hendrik"]
[Result "1-0"]
[WhiteElo "1409"]
[BlackElo "1324"]
[Annotator "NA RC"]
[PlyCount "93"]
[EventDate "2020.10.27"]
[EventType "swiss"]
[EventRounds "7"]
[EventCountry "GER"]
[SourceTitle "playchess.com"]
[Source "ChessBase"]
[SourceQuality "1"]
[TimeControl "40/5400+30:1800+30"]

1. e4 {[%emt 0:00:00]} c5 {[%emt 0:00:00]} 2. Nf3 {[%emt 0:00:00]} Nc6 {[%emt 0:00:00]} 3. d4 {[%emt 0:00:00]} cxd4 {[%emt 0:00:00]} 4. Nxd4 {[%emt 0:00:00]} g6 {[%emt 0:00:00]} 5. c4 {[%emt 0:00:47]} Bg7 {[%emt 0:00:00]} 6. Be3 {[%emt 0:00:55]} d6 {[%emt 0:00:16]} 7. Nc3 {[%emt 0:00:31]} Nf6 {[%emt 0:00:28]} 8. Be2 {[%emt 0:01:13]} O-O {[%emt 0:00:31]} 9. f3 {[%emt 0:01:38]} Nxd4 {[%emt 0:01:26]} 10. Bxd4 {[%emt 0:00:25]} Be6 {[%emt 0:00:10]} 11. Qd2 {[%emt 0:05:38]} Rc8 {[%emt 0:01:25]} 12. g4 {[%emt 0:03:56]} Bxc4 {[%emt 0:02:47]} 13. Bxc4 {[%emt 0:00:33]} Rxc4 {[%emt 0:00:06]} 14. h4 {[%emt 0:02:10]} Nd7 {[%emt 0:01:23]} 15. Bxg7 {[%emt 0:01:32]} Kxg7 {[%emt 0:03:01]} 16. h5 {[%emt 0:04:39]} Ne5 {[%emt 0:01:02]} 17. Ke2 {[%emt 0:06:31]} Qb6 {[%emt 0:04:56]} 18. hxg6 {[%emt 0:01:42]} fxg6 {[%emt 0:01:20]} 19. Nd5 {[%emt 0:05:52]} Qd8 {[%emt 0:01:56]} 20. Raf1 {[%emt 0:09:19]} Rh8 {[%emt 0:07:45]} 21. b3 {[%emt 0:06:31]} Rc5 {[%emt 0:01:51]} 22. g5 {[%emt 0:07:29]} e6 {[%emt 0:02:54]} 23. Nf6 {[%emt 0:03:20]} Qc7 {[%emt 0:01:33]} 24. Rc1 {[%emt 0:02:24]} Rxc1 {[%emt 0:08:12]} 25. Rxc1 {[%emt 0:00:42]} Qb6 {[%emt 0:00:21]} 26. f4 {[%emt 0:05:42]} Nf7 {[%emt 0:05:10]} 27. Qd3 {[%emt 0:02:24]} Qa6 {[%emt 0:02:49]} 28. Qxa6 {[%emt 0:00:39]} bxa6 29. Ng4 {[%emt 0:03:10]} e5 {[%emt 0:07:50]} 30. f5 {[%emt 0:05:44]} Nxg5 {[%emt 0:00:49]} 31. Rc7+ {[%emt 0:02:09]} Kg8 {[%emt 0:06:18]} 32. Rc8+ {[%emt 0:02:29]} Kf7 {[%emt 0:01:43]} 33. Rxh8 {[%emt 0:00:52]} h5 {[%emt 0:00:13]} 34. fxg6+ {[%emt 0:01:32]} Kxg6 {[%emt 0:01:17]} 35. Nf2 {[%emt 0:00:40]} Ne6 {[%emt 0:00:43]} 36. Ra8 {[%emt 0:01:06]} Kg5 {[%emt 0:00:35]} 37. Kf3 {[%emt 0:01:27]} Nd4+ {[%emt 0:01:56]} 38. Kg2 {[%emt 0:01:23]} Ne2 {[%emt 0:03:12]} 39. Rxa7 {[%emt 0:01:11]} Kf4 {[%emt 0:00:34]} 40. Rxa6 {[%emt 0:01:39]} Nc3 {[%emt 0:01:00]} 41. b4 {[%emt 0:32:05]} Nxe4 {[%emt 0:30:14]} 42. Nxe4 {[%emt 0:00:13]} Kxe4 {[%emt 0:00:04]} 43. Rxd6 {[%emt 0:00:13]} Kf4 {[%emt 0:00:35]} 44. b5 {[%emt 0:00:14]} e4 {[%emt 0:00:05]} 45. b6 {[%emt 0:00:36]} e3 {[%emt 0:00:23]} 46. b7 {[%emt 0:00:20]} e2 {[%emt 0:01:16]} 47. Re6 {[%emt 0:00:16]} 1-0

[Event "GER-ch Youth U12 2020"]
[Site "Willingen"]
[Date "2020.10.29"]
[Round "4.25"]
[White "Dorendorf, Mika"]
[Black "Göpfert, Gregor"]
[Result "1/2-1/2"]
[WhiteElo "1462"]
[BlackElo "1603"]
[Annotator "NA RC"]
[PlyCount "93"]
[EventDate "2020.10.27"]
[EventType "swiss"]
[EventRounds "7"]
[EventCountry "GER"]
[SourceTitle "playchess.com"]
[Source "ChessBase"]
[SourceQuality "1"]
[TimeControl "40/5400+30:1800+30"]

1. c4 {[%emt 0:00:00]} e5 {[%emt 0:00:00]} 2. Nc3 {[%emt 0:00:07]} Nc6 {[%emt 0:00:31]} 3. g3 {[%emt 0:00:54]} g6 {[%emt 0:03:12]} 4. Bg2 {[%emt 0:02:26]} Bg7 {[%emt 0:00:16]} 5. Rb1 {[%emt 0:01:20]} a5 {[%emt 0:03:24]} 6. b3 {[%emt 0:01:49]} Nge7 {[%emt 0:00:46]} 7. Bb2 {[%emt 0:00:57]} O-O {[%emt 0:00:15]} 8. Nf3 {[%emt 0:01:25]} d6 {[%emt 0:00:43]} 9. O-O {[%emt 0:00:19]} Be6 {[%emt 0:00:34]} 10. Ne1 {[%emt 0:00:52]} Qd7 {[%emt 0:03:41]} 11. Nc2 {[%emt 0:00:46]} Bh3 {[%emt 0:00:37]} 12. Ne3 {[%emt 0:00:34]} Bxg2 {[%emt 0:00:31]} 13. Kxg2 {[%emt 0:00:09]} Nd4 {[%emt 0:03:42]} 14. Ned5 {[%emt 0:01:44]} Ne6 {[%emt 0:07:53]} 15. Rh1 {[%emt 0:02:20]} f5 {[%emt 0:01:22]} 16. Nxe7+ {[%emt 0:00:56]} Qxe7 {[%emt 0:00:01]} 17. Nd5 {[%emt 0:00:11]} Qd7 {[%emt 0:00:24]} 18. f3 {[%emt 0:03:56]} Rf7 {[%emt 0:02:28]} 19. Qg1 {[%emt 0:01:40]} h6 {[%emt 0:09:11]} 20. Kf2 {[%emt 0:07:58]} Re8 {[%emt 0:04:03]} 21. g4 {[%emt 0:01:34]} Kh7 {[%emt 0:02:51]} 22. gxf5 {[%emt 0:00:32]} gxf5 {[%emt 0:00:57]} 23. Qg3 {[%emt 0:01:28]} Bh8 {[%emt 0:06:14]} 24. Rbg1 {[%emt 0:01:31]} Bg7 {[%emt 0:05:09]} 25. Qg6+ {[%emt 0:00:33]} Kh8 {[%emt 0:00:32]} 26. e3 {[%emt 0:14:01]} Nf8 {[%emt 0:04:33]} 27. Qh5 {[%emt 0:01:52]} c6 {[%emt 0:02:55]} 28. Nc3 {[%emt 0:09:17]} Qe6 {[%emt 0:06:09]} 29. Ba3 {[%emt 0:01:27]} Rfe7 {[%emt 0:05:10]} 30. Ne2 {[%emt 0:01:57]} b5 {[%emt 0:08:30]} 31. Ng3 {[%emt 0:02:25]} b4 {[%emt 0:00:20]} 32. Bb2 {[%emt 0:00:47]} Rf7 {[%emt 0:00:41]} 33. Ke2 {[%emt 0:03:17]} Kh7 {[%emt 0:00:54]} 34. e4 {[%emt 0:00:22]} fxe4 35. Nxe4 {[%emt 0:00:27]} Kg8 {[%emt 0:05:27]} 36. Rg3 {[%emt 0:03:39]} d5 {[%emt 0:01:07]} 37. Nc5 {[%emt 0:02:26]} Qd6 {[%emt 0:01:13]} 38. Rxg7+ {[%emt 0:13:06]} Rxg7 {[%emt 0:00:13]} 39. Qxe8 {[%emt 0:00:16]} Qxc5 {[%emt 0:00:15]} 40. Qxe5 {[%emt 0:00:46]} Qe7 {[%emt 0:04:16]} 41. Qxe7 {[%emt 0:31:17]} Rxe7+ {[%emt 0:30:02]} 42. Kf2 {[%emt 0:00:33]} dxc4 {[%emt 0:00:58]} 43. Rg1+ {[%emt 0:00:17]} Kh7 {[%emt 0:00:14]} 44. bxc4 {[%emt 0:00:12]} Nd7 {[%emt 0:02:28]} 45. d4 {[%emt 0:00:53]} Nb6 {[%emt 0:01:03]} 46. c5 {[%emt 0:01:01]} Nd5 {[%emt 0:00:04]} 47. Rg4 1/2-1/2

[Event "GER-ch Youth U12 2020"]
[Site "Willingen"]
[Date "2020.10.29"]
[Round "4.26"]
[White "Schneble, Milan"]
[Black "Detjen, Mattes"]
[Result "1-0"]
[WhiteElo "1418"]
[BlackElo "1190"]
[Annotator "NA RC"]
[PlyCount "105"]
[EventDate "2020.10.27"]
[EventType "swiss"]
[EventRounds "7"]
[EventCountry "GER"]
[SourceTitle "playchess.com"]
[Source "ChessBase"]
[SourceQuality "1"]
[TimeControl "40/5400+30:1800+30"]

1. d4 {[%emt 0:00:00]} d5 {[%emt 0:00:00]} 2. e3 {[%emt 0:00:00]} Nf6 {[%emt 0:00:00]} 3. c4 {[%emt 0:00:00]} e6 {[%emt 0:00:38]} 4. Nf3 {[%emt 0:00:07]} Be7 {[%emt 0:01:36]} 5. Nc3 {[%emt 0:00:14]} O-O {[%emt 0:00:34]} 6. Bd3 {[%emt 0:00:08]} b6 {[%emt 0:00:31]} 7. Qc2 {[%emt 0:00:15]} Bb7 {[%emt 0:01:36]} 8. cxd5 {[%emt 0:00:21]} exd5 {[%emt 0:00:18]} 9. O-O {[%emt 0:00:37]} c5 {[%emt 0:00:36]} 10. dxc5 {[%emt 0:00:13]} bxc5 {[%emt 0:00:21]} 11. Rd1 {[%emt 0:04:20]} d4 {[%emt 0:00:48]} 12. exd4 {[%emt 0:01:01]} Bxf3 {[%emt 0:00:18]} 13. gxf3 {[%emt 0:00:05]} cxd4 {[%emt 0:00:43]} 14. Ne4 {[%emt 0:00:21]} Nbd7 {[%emt 0:00:42]} 15. Kh1 {[%emt 0:01:24]} Rc8 {[%emt 0:00:26]} 16. Qe2 {[%emt 0:01:00]} Nh5 {[%emt 0:02:14]} 17. Rg1 {[%emt 0:01:57]} Ndf6 {[%emt 0:02:06]} 18. Nxf6+ {[%emt 0:00:40]} Bxf6 {[%emt 0:00:11]} 19. Qe4 {[%emt 0:00:22]} g6 {[%emt 0:00:37]} 20. Qg4 {[%emt 0:01:28]} Bg7 {[%emt 0:00:57]} 21. Bd2 {[%emt 0:04:02]} Qd6 {[%emt 0:02:16]} 22. a3 {[%emt 0:02:00]} Qd5 {[%emt 0:03:45]} 23. Rge1 {[%emt 0:07:23]} Nf6 {[%emt 0:00:52]} 24. Qf4 {[%emt 0:06:30]} Nh5 {[%emt 0:01:47]} 25. Qe4 {[%emt 0:00:45]} Qd7 {[%emt 0:01:02]} 26. Rac1 {[%emt 0:03:22]} Rce8 {[%emt 0:02:05]} 27. Qh4 {[%emt 0:02:40]} Rxe1+ {[%emt 0:01:05]} 28. Rxe1 {[%emt 0:00:13]} Qb7 {[%emt 0:00:57]} 29. Qe4 {[%emt 0:02:11]} Qxb2 {[%emt 0:01:46]} 30. Bb4 {[%emt 0:00:55]} Qxf2 {[%emt 0:00:19]} 31. Bxf8 {[%emt 0:00:14]} Bxf8 {[%emt 0:01:22]} 32. Rf1 {[%emt 0:01:00]} Qe3 {[%emt 0:00:30]} 33. Re1 {[%emt 0:02:13]} Qxe4 {[%emt 0:00:46]} 34. Rxe4 {[%emt 0:00:14]} Bc5 {[%emt 0:00:16]} 35. a4 {[%emt 0:00:31]} f5 {[%emt 0:00:33]} 36. Re8+ {[%emt 0:00:30]} Kf7 {[%emt 0:00:30]} 37. Rc8 {[%emt 0:00:24]} Bb6 {[%emt 0:00:24]} 38. Rc4 {[%emt 0:02:08]} a5 {[%emt 0:01:12]} 39. Rc6 {[%emt 0:01:09]} Bd8 {[%emt 0:02:13]} 40. Rd6 {[%emt 0:00:16]} Bf6 {[%emt 0:00:38]} 41. Ra6 {[%emt 0:31:06]} Bd8 {[%emt 0:30:19]} 42. Ra7+ {[%emt 0:01:43]} Kg8 {[%emt 0:00:55]} 43. Ra8 {[%emt 0:00:22]} Kg7 {[%emt 0:01:58]} 44. Rxd8 {[%emt 0:00:11]} Kh6 {[%emt 0:00:02]} 45. Rxd4 {[%emt 0:00:14]} Kg5 {[%emt 0:00:28]} 46. Rc4 {[%emt 0:02:27]} h6 {[%emt 0:00:55]} 47. h4+ {[%emt 0:00:38]} Kf6 {[%emt 0:00:20]} 48. Rc6+ {[%emt 0:00:06]} Kf7 {[%emt 0:00:20]} 49. Kg1 {[%emt 0:00:52]} Nf4 {[%emt 0:00:31]} 50. Bc4+ {[%emt 0:00:39]} Kg7 {[%emt 0:00:44]} 51. Ra6 {[%emt 0:00:19]} g5 {[%emt 0:00:41]} 52. hxg5 {[%emt 0:00:21]} hxg5 {[%emt 0:00:06]} 53. Rxa5 {[%emt 0:00:05]} 1-0

[Event "GER-ch Youth U12 2020"]
[Site "Willingen"]
[Date "2020.10.29"]
[Round "4.27"]
[White "Müller, Mitja"]
[Black "Ehrlich, Patrick"]
[Result "1/2-1/2"]
[WhiteElo "1360"]
[BlackElo "1448"]
[Annotator "NA RC"]
[PlyCount "63"]
[EventDate "2020.10.27"]
[EventType "swiss"]
[EventRounds "7"]
[EventCountry "GER"]
[SourceTitle "playchess.com"]
[Source "ChessBase"]
[SourceQuality "1"]
[TimeControl "40/5400+30:1800+30"]

1. d4 {[%emt 0:00:00]} d6 {[%emt 0:00:00]} 2. e4 {[%emt 0:00:00]} Nf6 {[%emt 0:00:00]} 3. Nc3 {[%emt 0:00:00]} g6 {[%emt 0:00:00]} 4. Be3 {[%emt 0:00:00]} c6 {[%emt 0:00:01]} 5. Qd2 {[%emt 0:00:17]} b5 {[%emt 0:00:09]} 6. f3 {[%emt 0:00:13]} Nbd7 {[%emt 0:00:29]} 7. h4 {[%emt 0:00:14]} Nb6 {[%emt 0:00:09]} 8. O-O-O {[%emt 0:00:48]} a5 {[%emt 0:04:28]} 9. g4 {[%emt 0:04:44]} b4 {[%emt 0:00:53]} 10. Nb1 {[%emt 0:01:11]} Ba6 {[%emt 0:01:50]} 11. Bxa6 {[%emt 0:02:52]} Rxa6 {[%emt 0:00:08]} 12. Qd3 {[%emt 0:02:09]} Qc8 {[%emt 0:03:56]} 13. c3 {[%emt 0:12:04]} bxc3 {[%emt 0:03:22]} 14. Nxc3 {[%emt 0:00:25]} Ra7 {[%emt 0:11:17]} 15. Rh2 {[%emt 0:07:41]} Rd7 {[%emt 0:12:40]} 16. d5 {[%emt 0:03:32]} Qc7 {[%emt 0:01:30]} 17. dxc6 {[%emt 0:02:34]} Qxc6 {[%emt 0:00:55]} 18. Bxb6 {[%emt 0:05:27]} Qxb6 {[%emt 0:02:37]} 19. Qd4 {[%emt 0:01:47]} Qc7 {[%emt 0:05:15]} 20. Kb1 {[%emt 0:04:49]} d5 {[%emt 0:07:18]} 21. e5 {[%emt 0:03:19]} Ng8 {[%emt 0:02:10]} 22. Nxd5 {[%emt 0:05:16]} Qc6 {[%emt 0:09:02]} 23. Rc2 {[%emt 0:01:34]} Qa8 {[%emt 0:06:37]} 24. Nc7+ {[%emt 0:01:54]} Rxc7 {[%emt 0:00:18]} 25. Rxc7 {[%emt 0:00:58]} f6 {[%emt 0:00:15]} 26. e6 {[%emt 0:00:49]} Bh6 {[%emt 0:01:46]} 27. Qd7+ {[%emt 0:01:11]} Kf8 {[%emt 0:00:12]} 28. Rc8+ {[%emt 0:00:22]} Qxc8 {[%emt 0:00:13]} 29. Qxc8+ {[%emt 0:00:10]} Kg7 {[%emt 0:00:04]} 30. Qe8 {[%emt 0:01:06]} Be3 {[%emt 0:00:34]} 31. Qf7+ {[%emt 0:00:45]} Kh6 {[%emt 0:00:44]} 32. Qf8# {[%emt 0:00:16]} 1/2-1/2

[Event "GER-ch Youth U12 2020"]
[Site "Willingen"]
[Date "2020.10.29"]
[Round "4.28"]
[White "Bondarcuks, Timurs"]
[Black "Stadelmann, Constantin"]
[Result "0-1"]
[WhiteElo "1198"]
[BlackElo "1366"]
[Annotator "NA RC"]
[PlyCount "94"]
[EventDate "2020.10.27"]
[EventType "swiss"]
[EventRounds "7"]
[EventCountry "GER"]
[SourceTitle "playchess.com"]
[Source "ChessBase"]
[SourceQuality "1"]
[TimeControl "40/5400+30:1800+30"]

1. e4 {[%emt 0:00:00]} d5 {[%emt 0:00:00]} 2. exd5 {[%emt 0:00:00]} Qxd5 {[%emt 0:00:00]} 3. Nc3 {[%emt 0:00:00]} Qa5 {[%emt 0:00:00]} 4. d4 {[%emt 0:00:00]} Nf6 {[%emt 0:00:06]} 5. Nf3 {[%emt 0:00:10]} c6 {[%emt 0:00:14]} 6. Bc4 {[%emt 0:00:18]} Bf5 {[%emt 0:00:44]} 7. Bd2 {[%emt 0:00:27]} e6 {[%emt 0:00:29]} 8. Nd5 {[%emt 0:00:57]} Qd8 {[%emt 0:00:13]} 9. Nxf6+ {[%emt 0:00:12]} Qxf6 {[%emt 0:00:13]} 10. Bb3 {[%emt 0:00:20]} Nd7 {[%emt 0:00:22]} 11. Qe2 {[%emt 0:01:12]} O-O-O {[%emt 0:02:39]} 12. O-O-O {[%emt 0:00:16]} Bd6 {[%emt 0:01:00]} 13. Kb1 {[%emt 0:01:42]} Rhe8 {[%emt 0:00:35]} 14. Bc3 {[%emt 0:03:45]} Qg6 {[%emt 0:04:11]} 15. Rhg1 {[%emt 0:06:05]} Nb6 {[%emt 0:01:35]} 16. h3 {[%emt 0:00:53]} Nd5 {[%emt 0:04:01]} 17. g4 {[%emt 0:06:19]} Be4 {[%emt 0:02:37]} 18. Nh4 {[%emt 0:05:55]} Qg5 {[%emt 0:01:44]} 19. Qxe4 {[%emt 0:02:11]} Qxh4 {[%emt 0:00:50]} 20. Bxd5 {[%emt 0:00:46]} exd5 {[%emt 0:03:08]} 21. Qf5+ {[%emt 0:02:22]} Kb8 {[%emt 0:00:58]} 22. Qxf7 {[%emt 0:02:50]} Re7 {[%emt 0:00:49]} 23. Qf3 {[%emt 0:01:10]} Rde8 {[%emt 0:00:58]} 24. Rge1 {[%emt 0:03:47]} Re4 {[%emt 0:05:24]} 25. Rxe4 {[%emt 0:06:41]} dxe4 {[%emt 0:00:29]} 26. Qg2 {[%emt 0:00:44]} Qg5 {[%emt 0:06:30]} 27. Re1 {[%emt 0:03:25]} Qf4 {[%emt 0:05:30]} 28. f3 {[%emt 0:04:50]} e3 {[%emt 0:01:53]} 29. Bd2 {[%emt 0:01:38]} Kc7 {[%emt 0:00:47]} 30. Qe2 {[%emt 0:01:17]} exd2 {[%emt 0:00:44]} 31. Qxe8 dxe1=Q+ 32. Qxe1 {[%emt 0:02:48]} Qxf3 {[%emt 0:01:45]} 33. Qa5+ Kd7 {[%emt 0:00:27]} 34. Qf5+ {[%emt 0:02:19]} Qxf5 {[%emt 0:02:32]} 35. gxf5 {[%emt 0:00:03]} Ke7 {[%emt 0:00:35]} 36. c4 {[%emt 0:01:49]} Kf6 {[%emt 0:00:15]} 37. Kc2 {[%emt 0:00:11]} Kxf5 {[%emt 0:00:11]} 38. Kd3 {[%emt 0:00:11]} g5 {[%emt 0:00:26]} 39. c5 {[%emt 0:01:27]} Bc7 {[%emt 0:00:29]} 40. Kc4 {[%emt 0:00:09]} Ke4 {[%emt 0:00:32]} 41. b4 {[%emt 0:31:08]} h5 {[%emt 0:32:33]} 42. a4 {[%emt 0:00:37]} a6 {[%emt 0:00:29]} 43. Kc3 {[%emt 0:02:29]} g4 {[%emt 0:01:03]} 44. hxg4 {[%emt 0:00:51]} hxg4 {[%emt 0:00:09]} 45. Kd2 {[%emt 0:00:03]} Kxd4 {[%emt 0:00:36]} 46. Ke2 {[%emt 0:00:38]} Kc4 {[%emt 0:00:12]} 47. Kf2 {[%emt 0:00:21]} Kxb4 0-1

[Event "GER-ch Youth U12 2020"]
[Site "Willingen"]
[Date "2020.10.30"]
[Round "5.1"]
[White "Payyappat, Sreyas"]
[Black "Kempe, Caius Emilian"]
[Result "1-0"]
[WhiteElo "2144"]
[BlackElo "1840"]
[Annotator "TA"]
[PlyCount "59"]
[EventDate "2020.10.27"]
[EventType "swiss"]
[EventRounds "7"]
[EventCountry "GER"]
[SourceTitle "playchess.com"]
[Source "ChessBase"]
[SourceQuality "1"]

{[%evp 16,59,0,-11,0,-114,-18,-35,-28,-97,-104,-118,-127,-239,-183,-281,-230,-201,-220,-212,-221,-194,0,0,0,0,1,44,44,0,0,0,0,0,237,75,256,217,816,861,975,875,29990,29991,29997,29998]} 1. e4 e6 2. d4 d5 3. Nc3 Nf6 4. Bg5 Bb4 5. e5 h6 6. Be3 Ne4 7. Qg4 Kf8 8. a3 Bxc3+ 9. bxc3 c5 {Threatens to win with ...Qa5. C12: French: Classical System: McCutcheon Variation.} 10. Ne2 {[#]} (10. Bd3 $1 $11) 10... Qb6 $146 (10... Nc6 $17 11. f3 h5) ({Predecessor:} 10... h5 11. Qf4 Nc6 12. h4 cxd4 13. cxd4 Qa5+ 14. c3 Nxc3 15. Bd2 Nxe2 16. Bxe2 Qa4 17. Bc3 {0-1 (45) Languidey,S (2362)-Oliveira,J (2126) Curitiba 2016}) 11. f3 Qb2 {[%mdl 64] Double Attack. Black is slightly better.} 12. fxe4 (12. Rc1 $11 Nxc3 13. dxc5 Qxa3 14. Qd4) 12... Qxa1+ $17 13. Kd2 {exd5 would now be nice for White.} Nc6 (13... Qxa3 $6 14. exd5 Qa2 15. Nf4 $11) 14. g3 (14. Qf4 $17) 14... Qxa3 15. Bh3 (15. Qf4 {was called for.}) 15... Na5 16. Ke1 {and the idea Rf1 leaves White hopeful.} cxd4 17. Bc1 Qc5 18. Rf1 Nc6 $2 {[#]} ({And not} 18... dxc3 19. Qf4 $1 $11 {[%mdl 512]}) ({Black should try} 18... Kg8 $1 $19 {...dxe4 is the strong threat.} 19. Qf4 Qc7 20. Nxd4 a6 21. exd5 exd5) 19. Qh5 $1 $40 {[%csl Gf1][%cal Rh5f7][%mdl 640] White has some attack.} Nd8 {[#]} 20. Bg5 $1 {[%cal Rg5d8][%mdl 512]} hxg5 21. Qxh8+ Ke7 22. Qxg7 dxc3 23. exd5 Qxd5 24. Qxg5+ Kd7 $2 {[#]} (24... Ke8 $11 {and Black stays safe.}) 25. Nxc3 $2 (25. Rf4 $1 $18 {[%cal Rf4d4] is the precise move to win. Hoping for Rd4!} Ke8 26. Rd4 (26. Nxc3 Qa5 $16) 26... Qh1+ 27. Bf1) 25... Qc4 $2 (25... Qc5 $16 26. Rf3 Kc7) 26. Rf3 $18 {Black must now prevent Rd3+.} Kc7 $2 (26... Ke8 27. Qg8+ Ke7 28. Qg5+ Ke8 29. Qg8+ Ke7) 27. Qe7+ Bd7 28. Rd3 {White threatens Qd6+ and mate.} ({Weaker is} 28. Qd6+ Kc8 $14) 28... Qc6 {[#]} 29. Bg2 $1 {[%mdl 576] Deflection} Qxg2 30. Qd6+ {White used his chance. Av CentiPawn Loss W=-32/B=-119. Weighted=-33/-92} 1-0

[Event "GER-ch Youth U12 2020"]
[Site "Willingen"]
[Date "2020.10.30"]
[Round "5.2"]
[White "Nitsche, Nikolai"]
[Black "Udelnov, Valentin"]
[Result "1-0"]
[WhiteElo "1721"]
[BlackElo "1691"]
[Annotator "NA RC"]
[PlyCount "77"]
[EventDate "2020.10.27"]
[EventType "swiss"]
[EventRounds "7"]
[EventCountry "GER"]
[SourceTitle "playchess.com"]
[Source "ChessBase"]
[SourceQuality "1"]
[TimeControl "40/5400+30:1800+30"]

1. d4 {[%emt 0:00:00]} Nf6 {[%emt 0:00:00]} 2. Bf4 {[%emt 0:00:03]} g6 {[%emt 0:00:00]} 3. e3 {[%emt 0:00:07]} Bg7 {[%emt 0:00:07]} 4. h3 {[%emt 0:00:12]} d6 {[%emt 0:00:10]} 5. Nf3 {[%emt 0:00:19]} O-O {[%emt 0:01:06]} 6. Be2 {[%emt 0:01:33]} Nfd7 {[%emt 0:00:55]} 7. Bh2 {[%emt 0:02:38]} e5 {[%emt 0:01:06]} 8. O-O {[%emt 0:00:41]} Nc6 {[%emt 0:00:43]} 9. c4 {[%emt 0:06:20]} f5 {[%emt 0:02:13]} 10. Nc3 {[%emt 0:00:58]} h6 {[%emt 0:02:57]} 11. Rb1 {[%emt 0:05:43]} g5 {[%emt 0:03:05]} 12. b4 {[%emt 0:02:11]} g4 {[%emt 0:02:10]} 13. hxg4 {[%emt 0:01:40]} fxg4 {[%emt 0:00:09]} 14. Ne1 {[%emt 0:04:36]} h5 {[%emt 0:07:26]} 15. Nc2 {[%emt 0:10:46]} Ne7 {[%emt 0:04:48]} 16. c5 {[%emt 0:03:48]} Ng6 {[%emt 0:02:13]} 17. Bd3 {[%emt 0:05:23]} Nh4 {[%emt 0:02:54]} 18. c6 {[%emt 0:13:32]} bxc6 {[%emt 0:07:19]} 19. Be4 {[%emt 0:00:21]} Bb7 {[%emt 0:03:39]} 20. b5 {[%emt 0:00:52]} Nf6 {[%emt 0:06:34]} 21. Bxc6 {[%emt 0:04:33]} Bxc6 {[%emt 0:00:19]} 22. bxc6 {[%emt 0:00:06]} e4 {[%emt 0:01:35]} 23. d5 {[%emt 0:02:43]} Qe7 {[%emt 0:04:53]} 24. Nd4 {[%emt 0:02:43]} Nh7 {[%emt 0:00:38]} 25. Rb7 {[%emt 0:02:01]} Bxd4 {[%emt 0:01:38]} 26. Qxd4 {[%emt 0:00:08]} Ng5 {[%emt 0:00:15]} 27. Kh1 {[%emt 0:05:45]} Rf7 {[%emt 0:08:07]} 28. Nb5 {[%emt 0:14:46]} Qf8 {[%emt 0:08:02]} 29. Bf4 {[%emt 0:01:06]} Nf5 {[%emt 0:03:48]} 30. Qc4 {[%emt 0:01:20]} Qd8 {[%emt 0:00:59]} 31. Nxc7 {[%emt 0:01:01]} Rxc7 {[%emt 0:06:43]} 32. Rxc7 {[%emt 0:00:05]} Qxc7 {[%emt 0:00:02]} 33. Bxg5 {[%emt 0:00:07]} Qg7 {[%emt 0:00:30]} 34. c7 {[%emt 0:00:36]} Qxg5 {[%emt 0:02:01]} 35. c8=Q+ {[%emt 0:00:07]} Rxc8 {[%emt 0:00:07]} 36. Qxc8+ {[%emt 0:00:04]} Kf7 {[%emt 0:00:41]} 37. Qe6+ {[%emt 0:00:26]} Kg7 {[%emt 0:00:52]} 38. Rb1 {[%emt 0:00:09]} Ne7 {[%emt 0:00:48]} 39. Rb7 {[%emt 0:02:06]} 1-0

[Event "GER-ch Youth U12 2020"]
[Site "Willingen"]
[Date "2020.10.30"]
[Round "5.3"]
[White "von Mettenheim, Johannes"]
[Black "Berresheim, Nils"]
[Result "1-0"]
[WhiteElo "1995"]
[BlackElo "1534"]
[Annotator "TA"]
[PlyCount "61"]
[EventDate "2020.10.27"]
[EventType "swiss"]
[EventRounds "7"]
[EventCountry "GER"]
[SourceTitle "playchess.com"]
[Source "ChessBase"]
[SourceQuality "1"]

{[%evp 16,61,47,51,68,70,97,39,46,48,49,30,22,11,101,73,156,106,239,243,275,271,269,271,631,591,560,531,736,129,960,947,1005,1017,1018,933,1084,961,1111,1055,29985,29986,29984,5943,29970,29971,5058,4731]} 1. d4 Nf6 2. c4 e6 3. Nf3 d5 4. g3 Be7 5. Bg2 O-O 6. O-O Nbd7 7. Qc2 c6 8. Nbd2 Qc7 9. e4 dxe4 {E09: Closed Catalan: Main Line: 7 Qc2 c6 8 Nbd2.} 10. Nxe4 e5 11. dxe5 ({White should play} 11. Nxe5 $1 $16 Nxe5 12. Bf4 {[%mdl 64] Pin} (12. dxe5 Qxe5 13. Re1 Bb4 $14)) 11... Nxe5 {White is slightly better.} 12. Bf4 Nxf3+ 13. Bxf3 Qa5 14. a3 $36 {[%cal Ba2a3,Ba3a4][%mdl 2080] [#] White has good play.} Qb6 $146 (14... Qf5 $11 {remains equal.} 15. Rfe1 Be6) ({Predecessor:} 14... h6 15. c5 Nxe4 16. b4 Qd8 17. Bxe4 Be6 18. Rad1 Qc8 19. Rfe1 a5 20. Qc1 Rd8 21. Rxd8+ Bxd8 {1-0 (49) Enkhtuul,A (2117)-Bilegjargal,B (1841) Guimaraes 2012}) 15. c5 Qa6 (15... Qd8 $142) 16. Be2 b5 (16... Qa5 $16 {was called for.}) 17. a4 $18 Nxe4 18. axb5 Qb7 {Strongly threatening ...Nf6.} 19. Qxe4 cxb5 $2 (19... Bxc5 20. Rac1 (20. Qxc6 Qe7 $16) 20... Qb6 21. Qxc6 (21. bxc6 Bh3 $16) 21... Bd4 22. Qxa8 Bb7) 20. c6 Qb6 21. Qxe7 Bh3 22. Rfc1 $2 (22. Qb7 $18 {is more deadly.}) 22... Rfe8 $2 {[%mdl 8192] Loses the game.} (22... Rae8 $16 23. Qxa7 Qxa7 24. Rxa7 Rxe2) 23. Qb7 Qd4 24. c7 Qxb2 25. Bf1 Bf5 26. Qxb5 Qf6 {[#]} 27. Rxa7 $1 {[%mdl 512]} Qe6 (27... Rxa7 28. Qxe8#) 28. Rxa8 Rxa8 29. Qb8+ (29. Rd1 $142 Qe8 30. Qxf5 Qf8 {[#]} 31. Bc4 $1 {[%mdl 512]} Kh8 32. Bxf7 h6 33. Be5 $1 {[%mdl 512]} Re8 34. Rd7) 29... Qe8 {[#]} 30. c8=Q $1 {[%cal Rc8e8]} Rxb8 (30... Qxc8 31. Rxc8+) 31. Qxb8 {Av CentiPawn Loss W=-110/B=-205. Weighted=-59/-245} 1-0